LEADER 01061cam0-22003731i-450 001 990001183350403321 005 20211027125657.0 035 $a000118335 035 $aFED01000118335 035 $a(Aleph)000118335FED01 035 $a000118335 100 $a20161109d1904----km-y0itay50------ba 101 0 $aeng 102 $aGB 105 $aaf------001yy 200 1 $a<>treatise on electricity and magnetism$fby James Clerk Maxwell 205 $a3rd ed. 210 $aOxford$cAt the Clarendon Press$d1904 215 $a2 v.$cill.$d23 cm 307 $a2.: XXIV, 500 p., [7] c. di tav. 451 0$1001990000199390403321 451 0$1001990001183340403321 451 0$1001990000252800403321 451 0$1001990009457020403321 610 0 $aElettricitą 610 0 $aMagnetismo 700 1$aMaxwell,$bJames Clerk$02852 801 0$aIT$bUNINA$gRICA$2UNIMARC 901 $aBK 912 $a990001183350403321 952 $a223-G-15$b02361$fMA1 959 $aMA1 996 $aTreatise on electricity and magnetism$9117912 997 $aUNINA LEADER 02316oam 2200541M 450 001 9910715984103321 005 20191207055409.1 035 $a(CKB)5470000002516251 035 $a(OCoLC)1065587408 035 $a(OCoLC)995470000002516251 035 $a(EXLCZ)995470000002516251 100 $a20070221d1872 ua 0 101 0 $aeng 135 $aurcn||||||||| 181 $ctxt$2rdacontent 182 $cc$2rdamedia 183 $acr$2rdacarrier 200 10$aMessage from the President of the United States, returning the Bill (S. 955) granting a pension to Mary Ann Montgomery, widow of William W. Montgomery, late captain in Texas Volunteers, with his objections. May 14, 1872. -- Read, referred to the Committee on Pensions, and ordered to be printed 210 1$a[Washington, D.C.] :$c[U.S. Government Printing Office],$d1872. 215 $a1 online resource (2 pages) 225 1 $aSenate executive document / 42nd Congress, 2nd session. Senate ;$vno. 74 225 1 $a[United States congressional serial set ] ;$v[serial no. 1479] 300 $aBatch processed record: Metadata reviewed, not verified. Some fields updated by batch processes. 300 $aFDLP item number not assigned. 517 $aMessage from the President of the United States, returning the Bill 606 $aClaims 606 $aInheritance and succession 606 $aMilitary pensions 606 $aVeto 606 $aArmed Forces$xOfficers 606 $aWidows 608 $aLegislative materials.$2lcgft 615 0$aClaims. 615 0$aInheritance and succession. 615 0$aMilitary pensions. 615 0$aVeto. 615 0$aArmed Forces$xOfficers. 615 0$aWidows. 701 $aGrant$b Ulysses S$g(Ulysses Simpson),$f1822-1885.$01119388 712 02$aUnited States.$bPresident (1869-1877 : Grant) 801 0$bWYU 801 1$bWYU 801 2$bOCLCO 801 2$bOCLCQ 906 $aBOOK 912 $a9910715984103321 996 $aMessage from the President of the United States, returning the Bill (S. 955) granting a pension to Mary Ann Montgomery, widow of William W. Montgomery, late captain in Texas Volunteers, with his objections. May 14, 1872. -- Read, referred to the Committee on Pensions, and ordered to be printed$93442507 997 $aUNINA